| 000 | 01466nam a2200277 i 4500 | ||
|---|---|---|---|
| 001 | bg | ||
| 100 | 1 | _aKOTYNIA, Renata | |
| 245 | 1 | 0 |
_aOdkształcalność i sposób zniszczenia żelbetowych belek wzmocnionych na zginanie materiałami CFRP = _bDuctiity and failure mode of RC beams strengthened for flexure with CFRP / _cRenata Kotynia, Maria E. Kamińska. |
| 260 |
_aŁódź : _bWydaw. Katedry Budownictwa Betonowego Wydziału Budownictwa, Architektury i Inżynierii Środowiska Politechniki Łódzkiej, _c2004. |
||
| 300 |
_a51 s. : _bfot., tab., wykr. ; _c29 cm. |
||
| 490 | 1 |
_aBadania Doświadczalne Elementów i Konstrukcji Betonowych, _x1230-6010 ; _vz. 13 |
|
| 500 | _aPracę wykonano w ramach projektu badawczego nr 8 T07E 006 21 finansowanego przez Komitet Badań Naukowych. - Tekst równol. pol., ang. | ||
| 504 | _aBibliogr. s. 36. | ||
| 650 | 9 |
_aBelka _xmechanika _xbadanie |
|
| 650 | 9 |
_aKonstrukcje żelbetowe _xmechanika _xbadanie |
|
| 650 | 9 |
_aNaprężenia i odkształcenia _xbadanie |
|
| 650 | 9 |
_aWytrzymałość materiałów _xbadanie |
|
| 700 | 1 | _aKAMIŃSKA, Maria Ewa | |
| 830 |
_aBadania Doświadczalne Elementów i Konstrukcji Betonowych, _x1230-6010 ; |
||
| 040 | _cBPK | ||
| 041 | 1 |
_apoleng _hpol |
|
| 080 | _a624.012.45:666.97/.98:620.17:539.3/.6 | ||
| 942 | _cKS | ||
| 008 | s pl f |000 0 pol | ||
| 999 |
_c45308 _d45308 |
||
| 856 |
_uhttp://koha.tu.koszalin.pl/cgi-bin/koha/opac-detail.pl?biblionumber=45308 _yKatalog online BPK |
||